<?xml version="1.0" encoding="UTF-8"?>
<marc:record xmlns:marc="http://www.loc.gov/MARC21/slim">
   <marc:leader>00000nam a2200000 a 4500</marc:leader>
   <marc:datafield ind1="1" ind2=" " tag="100">
      <marc:subfield code="a">Cordier, Michelle</marc:subfield>
      <marc:subfield code="4">aut</marc:subfield>
      <marc:subfield code="e">Verfasser/-in</marc:subfield>
   </marc:datafield>
   <marc:datafield ind1="0" ind2="0" tag="245">
      <marc:subfield code="a">Die Toten von Paris</marc:subfield>
   </marc:datafield>
   <marc:datafield ind1="0" ind2="0" tag="245">
      <marc:subfield code="b">Kriminalroman</marc:subfield>
   </marc:datafield>
   <marc:datafield ind1="0" ind2="0" tag="245">
      <marc:subfield code="c">Michelle Cordier</marc:subfield>
   </marc:datafield>
   <marc:datafield ind1=" " ind2="1" tag="264">
      <marc:subfield code="a">Bergisch Gladbach</marc:subfield>
      <marc:subfield code="b">Bastei Lübbe</marc:subfield>
      <marc:subfield code="c">2018</marc:subfield>
   </marc:datafield>
   <marc:datafield ind1="1" ind2=" " tag="490">
      <marc:subfield code="a">Bastei Lübbe</marc:subfield>
      <marc:subfield code="v">17684</marc:subfield>
   </marc:datafield>
   <marc:datafield ind1="1" ind2=" " tag="520">
      <marc:subfield code="a">Paris, 1944. Der junge Inspektor Jean Ricolet wird zur Verstärkung nach Paris versetzt, denn dort sind nach der Befreiung von den Nationalsozialisten "saubere" Polizisten Mangelware. In seinem ersten Fall geht es um einen ermordeten Nazi namens Paul Henkmann, einst Leiter des Einsatzstabs Reichsleiter Rosenberg und verantwortlich für die Delegation der Raubkunst. Ricolets Ermittlungen führen ihn zu der Kunststudentin Pauline Drucat, die für Henkmann arbeitete, doch heimlich für die Résistance aktiv war. Gemeinsam machen sie sich auf die Suche nach der Wahrheit &#x97; und folgen damit auch der Spur eines ganz besonderen Gemäldes.</marc:subfield>
   </marc:datafield>
   <marc:datafield ind1=" " ind2=" " tag="020">
      <marc:subfield code="a">9783404176847</marc:subfield>
      <marc:subfield code="9">9783404176847</marc:subfield>
   </marc:datafield>
   <marc:datafield ind1=" " ind2=" " tag="020">
      <marc:subfield code="a">3404176847</marc:subfield>
      <marc:subfield code="9">3404176847</marc:subfield>
   </marc:datafield>
   <marc:datafield ind1="0" ind2=" " tag="490">
      <marc:subfield code="v">0</marc:subfield>
   </marc:datafield>
   <marc:datafield ind1=" " ind2=" " tag="300">
      <marc:subfield code="a">333 Seiten</marc:subfield>
   </marc:datafield>
</marc:record>
